- González Jiménez, Katya
Entry Nombre Personal
001 - NUMERO DE CONTROL
- campo de control: 46817
003 - IDENTIFICADOR DE NUMERO DE CONTROL
- campo de control: DLC
005 - FECHA Y HORA DE LA ÜLTIMA TRANSACCIÓN
- campo de control: 20221012080030.0
008 - DATOS DE LONGITUD FIJA
- campo de control de longitud fija: 200722n| azannaabn |a aaa c
010 ## - NÚMERO DE CONTROL DE LA BIBLIOTECA DEL CONGRESO
- Número de control LC: no2020087063
035 ## - NUMERO DE CONTROL
- Número de control: (OCoLC)oca13073015
040 ## - FUENTE DE CATALOGACIÓN
- Agencia original de catalogación: ICU
- Lenguaje de catalogación: spa
- Description conventions: rda
- Agencia de transcripción: ICU
- Agencia que lo modifica: MX-MxUPN
100 1# - ENCABEZAMIENTO - NOMBRE PERSONAL
- Nombre personal: González Jiménez, Katya
372 ## - CAMPO DE ACTIVIDAD
- Fuente del término: Empresarias en la zona norte de Jalisco
373 ## - GRUPO ASOCIADO
- Associated group: Universidad de Guadalajara. Centro Universitario del Norte
- Fuente del término: naf
374 ## - OCUPACIÓN
- Occupation: Profesora universitaria
- Fuente del término: lcsh
375 ## - GÉNERO
- Gender: femenino
- Fuente del término: lcdgt
377 ## - LENGUA ASOCIADA
- Language code: spa
400 1# - VEÁSE - NOMBRE DE PERSONA
- Personal name: Jiménez, Katya González
670 ## - FUENTE EN LA QUE SE LOCALIZARON DATOS
- Cita de la fuente: Las mujeres en la región norte de Jalisco, 2019:
- Información localizada: portada (Katya González Jiménez)
670 ## - FUENTE EN LA QUE SE LOCALIZARON DATOS
- Cita de la fuente: Universidad de Guadalajara, Centro Universitario del Norte website, visited July 22, 2020:
- Información localizada: página web de la Dra. Katya González Jiménez (Dra. Katya González Jiménez; teaches administration and education at the Centro Universitario del Norte of the Universidad de Gaudalajara; research interests: businesswomen in the northern part of Jalisco)
- Uniform Resource Identifier: http://www.cunorte.udg.mx/oferta-academica/posgrados/doctorado/educacion/nucleo-academico-basico/dra-katya-gonzalez-jimenez
902 ## - CATALOGADOR
- Catalogador: NDAF/221012
